The Clinical Approach to the Patient (Record no. 451)

000 -LEADER
fixed length control field 00665nam a22002297a 4500
003 - CONTROL NUMBER IDENTIFIER
control field OSt
005 - DATE AND TIME OF LATEST TRANSACTION
control field 20210420055650.0
008 - FIXED-LENGTH DATA ELEMENTS--GENERAL INFORMATION
fixed length control field 201126s1969 ||||| |||| 00| 0 eng d
020 ## - INTERNATIONAL STANDARD BOOK NUMBER
International Standard Book Number 0721665500
040 ## - CATALOGING SOURCE
Original cataloging agency eng
Language of cataloging eng
Transcribing agency DLC
041 ## - LANGUAGE CODE
Language code of text/sound track or separate title eng
080 ## - UNIVERSAL DECIMAL CLASSIFICATION NUMBER
Universal Decimal Classification number 616-08
Item number M-84
100 ## - MAIN ENTRY--PERSONAL NAME
9 (RLIN) 360
Personal name Morgan, L. William Jr.
245 ## - TITLE STATEMENT
Title The Clinical Approach to the Patient
Statement of responsibility, etc. / by: W. B. Saunders Company
260 ## - PUBLICATION, DISTRIBUTION, ETC.
Place of publication, distribution, etc. Philadelphia
Name of publisher, distributor, etc. W. B. Saunders Company
Date of publication, distribution, etc. 1969
300 ## - PHYSICAL DESCRIPTION
Extent 314 p.
Other physical details ill.
650 #0 - SUBJECT ADDED ENTRY--TOPICAL TERM
9 (RLIN) 285
Topical term or geographic name entry element Patient Care
650 #0 - SUBJECT ADDED ENTRY--TOPICAL TERM
9 (RLIN) 349
Topical term or geographic name entry element Becoming A Doctor
653 ## - INDEX TERM--UNCONTROLLED
Uncontrolled term პაციენტის მოვლა
700 ## - ADDED ENTRY--PERSONAL NAME
9 (RLIN) 363
Personal name Engel, L. George
942 ## - ADDED ENTRY ELEMENTS (KOHA)
Source of classification or shelving scheme
Koha item type Books
Holdings
Withdrawn status Lost status Source of classification or shelving scheme Damaged status Not for loan Permanent location Current location Date acquired Inventory number Total Checkouts Full call number Barcode Date last seen Price effective from Koha item type
          Ken Walker International University Ken Walker International University 11/26/2020 120   616-08 M-84 120 11/26/2020 11/26/2020 Books
          Ken Walker International University Ken Walker International University 11/26/2020 130   616-08 M-84 130 11/26/2020 11/26/2020 Books

Powered by Koha